000
00332 a2200157 4500
001
69070
020
_a
8575201794
040
_c
Anchieta - Itaigara
240
1
0
_a
A porquinha Nina
_l
por
245
1
0
_a
A porquinha Nina
300
_a
08
362
0
_a
0
440
1
_a
Ciranda Cultural
650
4
_a
Literatura infantil
942
_c
BK
999
_c
69070
_d
69070